Nonlinear functional analysis /
Guardado en:
| Autor Principal: | |
|---|---|
| Formato: | Libro |
| Idioma: | English |
| Publicado: |
Berlin :
Springer-Verlag,
c1985.
|
| Materias: | |
| Etiquetas: |
Agregar Etiqueta
Sin Etiquetas, Sea el primero en etiquetar este registro!
|
| LEADER | 00677pam a2200217 a 4500 | ||
|---|---|---|---|
| 001 | MAT.inmabb004288 | ||
| 008 | 841227s1985####gw#######b####001#0#eng## | ||
| 005 | 20170612112336.0 | ||
| 245 | 1 | 0 | |a Nonlinear functional analysis / |c Klaus Deimling. |
| 260 | |a Berlin : |b Springer-Verlag, |c c1985. | ||
| 300 | |a xiv, 450 p. ; |c 25 cm. | ||
| 504 | |a Bibliografía: p. [428]-444. | ||
| 510 | 4 | |a MR, |c 86j:47001 | |
| 020 | |a 3540139281 | ||
| 020 | |a 0387139281 (U.S.) | ||
| 100 | 1 | |a Deimling, Klaus, |d 1943- | |
| 650 | 0 | |a Nonlinear functional analysis. | |
| 084 | |a 47-01 (47Hxx 55M25 58-01 58Cxx) |2 MR | ||
| 010 | |a 84026880 | ||
| 040 | |a DLC |c DLC |d DLC | ||
| 859 | |h 47 |i D324f |p A-6475 |b BIB. MATEMATICA | ||
